[Event "Hospitalet op 4th"]
[Site "Hospitalet"]
[Date "2013.04.20"]
[Round "3"]
[White "Martinez Carpena, David"]
[Black "Walter Travella, German"]
[Result "0-1"]
[WhiteElo "1557"]
[BlackElo "1985"]
[PlyCount "60"]
[EventDate "2013.04.06"]
[EventType "swiss"]
[EventRounds "8"]
[EventCountry "ESP"]
[SourceTitle "EXT 2014"]
[Source "ChessBase"]
[SourceDate "2013.11.20"]
[SourceVersion "1"]
[SourceVersionDate "2013.11.20"]
[SourceQuality "1"]

1. e4 Nc6 2. Nf3 e6 3. d4 d5 4. e5 Bd7 5. Bd3 Nb4 6. Be2 c5 7. c3 Nc6 8. a3 cxd4 9. cxd4 Nge7 10. 0-0 Nf5 11. Nc3 Be7 12. b4 Rc8 13. Bb2 0-0 14. Rc1 Kh8 15. Bb5 a5 16. Bxc6 bxc6 17. bxa5 Qxa5 18. Na4 c5 19. dxc5 Qxa4 20. Qxa4 Bxa4 21. g4 Nh6 22. h3 Rxc5 23. Rxc5 Bxc5 24. Rc1 Bb6 25. Bd4 Bxd4 26. Nxd4 Rb8 27. Rc3 Rb1+ 28. Kg2 Rd1 29. Nc6 Ng8 30. Nd8 Be8 0-1